| 000 | 00685nam a2200205Ia 4500 | ||
|---|---|---|---|
| 005 | 20240530103401.0 | ||
| 008 | 140319s1986 xx 000 0 ara d | ||
| 040 |
_aGCL / _cGCL |
||
| 082 | 0 | 4 |
_a412 / _bط م |
| 100 | 1 | _aطنطاوى محمد دراز | |
| 245 | 1 | 0 |
_a فى أصول اللغة / _cطنطاوى محمد دراز |
| 260 |
_aالقاهرة : _bمكتبة نهضة الشرق، _c1986 |
||
| 300 |
_a367 ص ؛ _b24 سم |
||
| 490 | _aمن فقه اللغة والاصول | ||
| 650 | 0 | 4 | _aالعلم |
| 650 | 0 | 4 | _aاللغة العربية |
| 650 | 0 | 4 | _aاللغة العربية - الاشتقاق |
| 942 |
_2ddc _cBK |
||
| 999 |
_c38971 _d38971 |
||